Catálogo

Sobre los múltiples significados del ente según Aristóteles / (Registro nro. 41603)

Detalles MARC
000 -LEADER
fixed length control field 01284cam a2200349 i 4500
001 - CONTROL NUMBER
control field 41603
003 - CONTROL NUMBER IDENTIFIER
control field Mx-PuUPA
005 - DATE AND TIME OF LATEST TRANSACTION
control field 20250603103236.0
008 - FIXED-LENGTH DATA ELEMENTS--GENERAL INFORMATION
fixed length control field 140415s2007 sp gr 000 0 spa d
017 ## - COPYRIGHT OR LEGAL DEPOSIT NUMBER
Copyright or legal deposit number M-9384-2007
020 ## - INTERNATIONAL STANDARD BOOK NUMBER
International Standard Book Number 9788474908398
040 ## - CATALOGING SOURCE
Original cataloging agency Mx-PuUPA
Language of cataloging spa
Transcribing agency Mx-PuUPA
Modifying agency Mx-PuUPA
Description conventions rda
041 1# - LANGUAGE CODE
Language code of text/sound track or separate title spa
Language code of original ger
100 1# - MAIN ENTRY--PERSONAL NAME
Personal name Brentano, Franz, 1838-1917
Relator term autor
9 (RLIN) 156
240 10 - UNIFORM TITLE
Uniform title Von der mannigfachen bedeutung des seienden nach Aristoteles.
Language of a work Español
245 10 - TITLE STATEMENT
Title Sobre los múltiples significados del ente según Aristóteles /
Statement of responsibility, etc. Franz Brentano ; presentación y traducción de Manuel Abella
264 #1 - PRODUCTION, PUBLICATION, DISTRIBUTION, MANUFACTURE, AND COPYRIGHT NOTICE
Place of production, publication, distribution, manufacture Madrid :
Name of producer, publisher, distributor, manufacturer Ediciones Encuentro,
Date of production, publication, distribution, manufacture, or copyright notice ©2007
300 ## - PHYSICAL DESCRIPTION
Extent 287 páginas ;
Dimensions 23 cm
336 ## - CONTENT TYPE
Fuente rdacontent
Content type term texto
Content type code txt
337 ## - MEDIA TYPE
Source rdamedia
Media type term sin medio
Media type code n
338 ## - CARRIER TYPE
Source rdacarrier
Carrier type term volumen
Carrier type code nc
490 0# - SERIES STATEMENT
Series statement Ensayos ;
Volume/sequential designation 295
490 0# - SERIES STATEMENT
Series statement Filosofía
600 1# - SUBJECT ADDED ENTRY--PERSONAL NAME
Personal name Aristóteles, 384-322 a.C.
600 1# - SUBJECT ADDED ENTRY--PERSONAL NAME
Personal name Aristóteles
General subdivision Crítica e interpretación
650 #7 - SUBJECT ADDED ENTRY--TOPICAL TERM
Source of heading or term armarc
Topical term or geographic name entry element Metafísica
700 1# - ADDED ENTRY--PERSONAL NAME
Personal name Abella, Manuel,
Relator term traductor
-- autor de presentación
765 0# - ORIGINAL LANGUAGE ENTRY
Main entry heading Bretano, Franz,
Title aVon der mannigfachen bedeutung des seienden nach Aristoteles.
942 ## - ADDED ENTRY ELEMENTS (KOHA)
Source of classification or shelving scheme Dewey Decimal Classification
Koha item type Libro
Classification part 111
Item part B8218
Existencias
Withdrawn status Lost status Source of classification or shelving scheme Damaged status Not for loan Collection code Home library Current library Shelving location Date acquired Source of acquisition Total Checkouts Full call number Barcode Date last seen Price effective from Koha item type
    Dewey Decimal Classification     General Centro de Estudios en Ciencia y Religión Centro de Estudios en Ciencia y Religión Sala general 03/12/2013   111 B8218 2007 62742 05/01/2026 03/12/2013 Libro